| 000 | 00450cam a2200181ua 4500 | ||
|---|---|---|---|
| 020 | _c21.00 | ||
| 041 |
_aeng _h |
||
| 082 |
_a530.024 62 _bJOL/PH |
||
| 100 | _aJolly, W P . | ||
| 245 |
_aPhysical for electrical engineers / _cW P Jolly. _hTextual Documents |
||
| 250 |
_a1 / _b. |
||
| 260 |
_aLondon : _bEnglish Universities Press , _c1961. |
||
| 300 | _a308 ; . | ||
| 365 | _a21.00 | ||
| 504 | _a | ||
| 942 | _cBK | ||
| 999 |
_c7140 _d7140 |
||